Predpoklady a možnosti malých sídiel. 2
Cezhraničné kontakty na slovensko-maďarskom pohraničí. Formy kontaktov. Atribúty v oblasti ekonomických cezhraničných vzťahov skúmaných slovenských pohraničných obcí. Sídelné jednotky, ktoré sú mestskými časťami Bratislavy - ich pozícia.
Uložené v:
| Hlavný autor: | |
|---|---|
| Médium: | Kapitola |
| Jazyk: | Slovak |
| Predmet: | |
| Tagy: |
Žiadne tagy, Buďte prvý, kto otaguje tento záznam!
|
MARC
| LEADER | 00000naa a2200000 4500 | ||
|---|---|---|---|
| 001 | r019434 | ||
| 005 | 20221213101410.5 | ||
| 041 | 0 | |a slo | |
| 044 | |a SK | ||
| 245 | 1 | 0 | |a Predpoklady a možnosti malých sídiel. 2 |c Z. Šťastný |
| 520 | |a Cezhraničné kontakty na slovensko-maďarskom pohraničí. Formy kontaktov. Atribúty v oblasti ekonomických cezhraničných vzťahov skúmaných slovenských pohraničných obcí. Sídelné jednotky, ktoré sú mestskými časťami Bratislavy - ich pozícia. | ||
| 610 | 2 | 0 | |a aglomerácie sídelné |
| 610 | 2 | 0 | |a aglomerácie mestské |
| 610 | 2 | 0 | |a Bratislava |
| 610 | 2 | 0 | |a Slovensko |
| 610 | 2 | 0 | |a Maďarsko |
| 610 | 2 | 0 | |a pohraničie |
| 100 | 1 | |a Šťastný, Z. | |